| 000 | 00923nam a2200313 4500 | ||
|---|---|---|---|
| 001 | 644563 | ||
| 003 | DO-SdBNP | ||
| 005 | 20180221092306.0 | ||
| 007 | 644563 | ||
| 008 | 970623s1992 sp | |||| ||spa | ||
| 016 | 7 |
_a _2BPMSU |
|
| 020 | _a8434830930 | ||
| 035 | _a | ||
| 040 |
_aBPMSU _bspa _cBPMSU |
||
| 041 | 1 |
_aspa _h |
|
| 080 | 0 | _a | |
| 100 | 1 |
_aMachado, Ana María _d1941- |
|
| 240 | 1 | 0 |
_aPraga de unicornio. _lEspañol |
| 245 | 1 | 3 |
_aUn montón de unicornios / _cAna María Machado ; ilustraciones de Asun Balzola ; traducción, Manuel Barbadillo _h |
| 250 | _a3ª ed. | ||
| 260 |
_aMadrid : _bSM, _c1992 |
||
| 300 |
_a62 p. ; _bil.: _c20 cm. |
||
| 490 | 1 |
_aEl barco de vapor. _a Serie blanca _v35 |
|
| 700 |
_aBalzola, Asun _eilustración |
||
| 830 | 3 |
_aEl barco de vapor. _pSerie blanca _v35 |
|
| 942 |
_2ddc _cBK |
||
| 945 | _ainventariado, 2018 / dg | ||
| 956 |
_aVMATEO _210 _320151127 _6BPMSU _800151 |
||
| 999 |
_c8944 _d8944 |
||